Normal view
MARC view
Entry Topical Term
001 - CONTROL NUMBER
- control field: 42664
003 - CONTROL NUMBER IDENTIFIER
- control field: ARRUPE
005 - DATE AND TIME OF LATEST TRANSACTION
- control field: 20181002101559.0
008 - FIXED-LENGTH DATA ELEMENTS
- fixed length control field: 181002|| aca||aabn | a|a d
040 ## - CATALOGING SOURCE
- Original cataloging agency: ARRUPE
- Transcribing agency: ARRUPE
150 ## - HEADING--TOPICAL TERM
- Topical term or geographic name as entry element: Church renewal
- General subdivision: Catholic Church.
670 ## - SOURCE DATA FOUND
- Source citation: Work cat.: (ARRUPE)0: O'Hanlon, Gerard F., author. 379, The quiet revolution of Pope Francis :, 2018